| 000 | 00432nam a2200133Ia 4500 | ||
|---|---|---|---|
| 008 | 200619s9999 xx 000 0 und d | ||
| 020 | _a9800000000000 | ||
| 100 | _aGuinier Stephen L.Carter Lani | ||
| 245 | 0 | _aTyranny of the Majority Fundamental fairness in Representative Democracy | |
| 264 |
_aNew York _bPearson Higher Education _c1995 |
||
| 300 | _a324 | ||
| 942 | _cIR | ||
| 999 |
_c120319 _d120319 |
||